000
00237nam a2200097Ia 4500
082
_a
EF DONA
245
0
_a
Choke chain
100
_a
DONALD, Jason London, 2009
_9
73384
942
_c
BK
008
210817s9999 xx 000 0 und d
999
_c
393170
_d
393169